Física: física moderna
Kaydedildi:
| Yazar: | |
|---|---|
| Materyal Türü: | Kitap |
| Dil: | İspanyolca |
| Baskı/Yayın Bilgisi: |
Ciudad de México
Continental
1981
|
| Konular: | |
| Etiketler: |
Etiketle
Etiket eklenmemiş, İlk siz ekleyin!
|
MARC
| LEADER | 00000nam a2200000 a 4500 | ||
|---|---|---|---|
| 001 | UCU7452 | ||
| 003 | CL-VaPUC | ||
| 008 | 960705e19810000MX |||||||||||||||||spa|d | ||
| 082 | 0 | 4 | |a 539.1 |b REI |2 21 |
| 100 | 0 | |a Reimann, Arnold L |e author |9 366298 | |
| 245 | 1 | 0 | |a Física: física moderna |
| 300 | |a 591 p | ||
| 942 | |c BK | ||
| 945 | |d 19960705 00:00:00 |a rbrito | ||
| 260 | |a Ciudad de México |b Continental |c 1981 | ||
| 650 | 0 | |a Relatividad |9 269977 | |
| 650 | 0 | |a Átomos |9 259583 | |
| 650 | 0 | |a Radioactividad |9 366299 | |
| 650 | 7 | |a FISICA NUCLEAR |2 CL-VaPUC |9 270366 | |
| 650 | 0 | |a Estructura atómica |9 259944 | |
| 650 | 0 | |a Partículas |9 259546 | |
| 650 | 7 | |a NUCLEO ATOMICO |2 CL-VaPUC |9 366300 | |
| 650 | 0 | |a Radiación |9 259874 | |
| 583 | |a last modification |c 19960705 00:00:00 |k Rodrigo Vera | ||
| 999 | |c 250096 |d 250094 | ||
| 952 | |0 0 |1 0 |4 0 |6 539_100000000000000_REI_1981 |7 0 |8 A |9 267883 |a BIBCUR |b BIBCUR |d 2019-11-19 |i 3209490 |o 539.1 REI 1981 |p 3209490 |r 2025-04-22 |w 2019-11-19 |y BK |k BCB | ||
| 952 | |0 0 |1 0 |4 0 |6 539_100000000000000_REI_1981 |7 0 |8 A |9 267884 |a BIBCUR |b BIBCUR |d 2019-11-19 |i 1747495 |o 539.1 REI 1981 |p 1747495 |r 2025-04-22 |w 2019-11-19 |y BK |k FIS | ||
| 952 | |0 0 |1 0 |4 0 |6 539_100000000000000_REI_1981 |7 0 |8 A |9 267885 |a BIBCUR |b BIBCUR |d 2019-11-19 |i 1747649 |o 539.1 REI 1981 |p 1747649 |r 2025-04-22 |w 2019-11-19 |y BK |k FIS | ||
| 952 | |0 0 |1 0 |4 0 |6 539_100000000000000_REI_1981 |7 0 |8 A |9 267886 |a BIBCUR |b BIBCUR |d 2019-11-19 |i 1747509 |o 539.1 REI 1981 |p 1747509 |r 2025-04-22 |w 2019-11-19 |y BK |k FIS | ||
| 952 | |0 0 |1 0 |4 0 |6 539_100000000000000_REI_1981 |7 0 |8 A |9 267887 |a BIBCUR |b BIBCUR |d 2019-11-19 |i 1747517 |o 539.1 REI 1981 |p 1747517 |r 2025-04-22 |w 2019-11-19 |y BK |k FIS | ||